000 00354pam a2200157a 44500
008 230515b2004 xxu||||| |||| 00| 0 eng d
020 _a0
041 _aENGL
082 _a617
100 _aGOYAL S
245 _aSHORT NOTE FOR DENTAL PG ENTRANCE EXAMINATIONS
250 _aNULL
260 _aNULL
_bCBS PUB
_c2004
300 _a328
650 _aN.D.
999 _c557815
_d557815